| 000 | 01081cam a22003013a 4500 | ||
|---|---|---|---|
| 001 | 36911 | ||
| 003 | PGUSA | ||
| 005 | 20140828083816.0 | ||
| 008 | 110731s2011||||xxu|||||s|||||000 | eng d | ||
| 040 |
_aPGUSA _beng |
||
| 042 | _adc | ||
| 050 | 4 | _aDC | |
| 100 | 1 |
_aMarbot, Jean-Baptiste-Antoine-Marcelin, baron de, _d1782-1854 |
|
| 245 | 1 | 0 |
_aMémoires du général baron de Marbot (3/3) _h[electronic resource] / _cJean-Baptiste-Antoine-Marcelin, baron de Marbot |
| 260 |
_bProject Gutenberg, _c2011 |
||
| 506 | _aPublic domain in the USA. | ||
| 516 | _aElectronic text | ||
| 653 | _aMarbot, Jean-Baptiste-Antoine-Marcelin, baron de, 1782-1854 | ||
| 653 | _aNapoleonic Wars, 1800-1815 -- Campaigns | ||
| 653 | _aGenerals -- France -- Biography | ||
| 653 | _aAfrica, Central -- Description and travel | ||
| 653 | _aNapoleonic Wars, 1800-1815 -- Personal narratives, French | ||
| 653 | _aFrance -- History, Military -- 1789-1815 | ||
| 653 | _aFrance. Armée | ||
| 830 | 0 |
_aProject Gutenberg _v36911 |
|
| 856 | 4 | 0 | _uhttp://www.gutenberg.org/ebooks/36911 |
| 942 | _cEB | ||
| 999 |
_c266166 _d266166 |
||